Vista normal
Vista MARC
- Móvil A., José Carlos
Entrada Nombre personal
Número de registros utilizados en: 2
001 - NÚMERO DE CONTROL
- campo de control: 3
003 - IDENTIFICADOR DE NÚMERO DE CONTROL
- campo de control: gtuscu
005 - FECHA Y HORA DE LA ÚLTIMA TRANSACCIÓN
- campo de control: 20250804102151.0
008 - ELEMENTOS DE DATO DE LONGITUD-FIJA
- campo de control de longitud fija: 250801|| azz||aabn | a|a d
040 ## - FUENTE DE CATALOGACIÓN
- Centro catalogador/agencia de origen: gtuscu
100 1# - ENCABEZAMIENTO-NOMBRE DE PERSONA
- Nombre de persona: Móvil A., José Carlos
400 ## - TRAZADO DE VÉASE--NOMBRE DE PERSONA
- Nombre de persona: Móvil Avendaño, José Carlos